Welcome to the Holygrace Academy Library

Please use search bar below to get started

MONSTER LAKES (Record no. 4610)

MARC details
000 -LEADER
fixed length control field 00316nam a22001337a 4500
020 ## - INTERNATIONAL STANDARD BOOK NUMBER
ISBN 978-1-407106-78-6
082 ## - DEWEY DECIMAL CLASSIFICATION NUMBER
Classification number 823
Item number GAN/M
100 ## - MAIN ENTRY--AUTHOR NAME
Personal name GANERI, ANITA
245 ## - TITLE STATEMENT
Title MONSTER LAKES
260 ## - PUBLICATION, DISTRIBUTION, ETC. (IMPRINT)
Place of publication LONDON
Name of publisher THE DAILY TELEGRAPH
Year of publication 2005
300 ## - PHYSICAL DESCRIPTION
Number of Pages 127
650 ## - SUBJECT ADDED ENTRY--TOPICAL TERM
Topical Term CHILDRENS STORY BOOK
Geographic subdivision UNITED KINGDOM
942 ## - ADDED ENTRY ELEMENTS (KOHA)
Koha item type Books
Holdings
Withdrawn status Lost status Collection code Home library Current library Shelving location Date acquired Source of acquisition Full call number Accession Number Koha item type
    Fiction Main Library Main Library SHELF 4-C HORRIBLE HISTORIES 25/11/2019 purchase 823 GAN/M 12023 Books